Modelling of the Collection Centers in Slovak Republic

Reverzná logistika ako jeden z nástrojov boja proti poškodzovaniu životného prostredia. Modelovanie recyklačných procesov. Modelovanie zberných miest na Slovensku. Výsledky aplikovaných modelov. Vstupné a výstupné dáta.

Enregistré dans:
Détails bibliographiques
Auteur principal: Brezina, Ivan, 1963-
Autres auteurs: Pekár, Juraj, 1972-, Čičková, Zuzana, 1978-
Format: Chapitre de livre
Langue:anglais
Sujets:
Tags: Ajouter un tag
Pas de tags, Soyez le premier à ajouter un tag!

MARC

LEADER 00000naa$a2200000$$$4500
001 0108620
005 20240502083253.9
041 0 |a eng 
044 |a RS 
245 1 0 |a Modelling of the Collection Centers in Slovak Republic  |c Ivan Brezina, Juraj Pekár, Zuzana Čičková 
520 |a Reverzná logistika ako jeden z nástrojov boja proti poškodzovaniu životného prostredia. Modelovanie recyklačných procesov. Modelovanie zberných miest na Slovensku. Výsledky aplikovaných modelov. Vstupné a výstupné dáta. 
610 2 0 |a logistika reverzná 
610 2 0 |a recyklácia odpadu 
610 2 0 |a ochrana prostredia životného 
610 2 0 |a modely ekonomicko-matematické 
610 2 0 |a modely logistické 
100 1 |a Brezina, Ivan, 1963- 
700 1 |a Pekár, Juraj, 1972- 
700 1 |a Čičková, Zuzana, 1978-